Call of Duty: Black Ops II Zombies Maps - Statistiques

Statistiques générales
  • Ce quiz a été pris 196 fois
  • Le résultat moyen est 5 sur 8
Statistiques - réponses
Indice Nom de la map % Correct
Bus Dépôt,Plusieurs ville. TranZit
87%
Bâton de la Foudre,Samantha Maxis, Bâton de Glace,Dr. Ludvig Maxis. Origins
79%
Lieu : Complexe nucléaire de Hanford, État de Washington, États-Unis, Objectif : Survivre le plus longtemps possible. Ville
78%
Prison Alcatraz,Personnage(s) :Albert Arlington, Billy "Don Juan" Handsome,Michael "Finn" O'Leary, Salvatore "Sal" DeLuca. Mob of the Dead
76%
Lieu : République d'Angola Afrique, fantôme Sorcière. Buried
75%
Gratte ciel,Lieu : District de Pudong, Shanghai, Province 22, Chine. Die Rise
64%
Modes de jeu Survie et Lutte,Mini map,Campagne. Ferme
62%
Ville icône en mode zombie , mini map. Nuketown Zombies
16%
Aucun quiz correspondant
Distribution des résultats
% des personnes avec chaque résultat
Percentile par nombre de réponses
Votre historique - résultats
Vous n’avez pas pris ce quiz